000
00306nam a22001337a 4500
008
170206b xxu||||| |||| 00| 0 eng d
020
_a
9781599413204
041
_a
eng
080
_2
4ED
_a
61
100
_a
3
101
_a
SHM
245
_a
TRANSNATIONAL BUSSINES PROBLEMS
_c
DETLEV.FVAGTS
942
_2
udc
_c
BK
999
_c
4713
_d
4713